000 01061nam a22003137a 4500
003 CHAP
005 20220329140639.0
008 971013s1985 r 00010 d
010 _a55306
011 _a56278
035 _a60431
040 _cCHAP
090 _aTesis
100 0 0 _aSaucedo Cárdenas, Raúl.
_9102717
245 _aDeterminación del costo de alimentación por kilogramo de carne incrementado de bovinos en corral
260 _aMarín, N. L. :
_bEl autor,
_c1985
300 _a22 h.
502 _aTesis (Ing. Agr. Zootecnista) -- Univ. Autónoma de Nuevo León. Fac. de Agronomía
590 _aALEPH
_b10
_c20130110
_lUCH01
_h1333
590 _aBATCH-UPD
_b10
_c20130110
_lUCH01
_h0644
590 _aBATCH-UPD
_b10
_c20130410
_lUCH01
_h0328
590 _aBATCH-UPD
_b10
_c20130914
_lUCH01
_h1510
590 _aCONVERSION
_b10
_c20130109
_lUCH01
_h1330
650 1 4 _aGanado de carne
_xAlimentación.
_945068
650 1 4 _aGanado de carne
_xPeso.
_945102
901 _aBK
942 _cTESIS
949 _bBC
_cTES
_d-130278
_eTS1
_h19114
_i60431
_mD
_si
999 _c55306
_d55306